Normal view
MARC view
- Kariv, Dafna
Entry Personal Name
001 - CONTROL NUMBER
- control field: 68702
003 - CONTROL NUMBER IDENTIFIER
- control field: NUST
005 - DATE AND TIME OF LATEST TRANSACTION
- control field: 20210628204106.0
008 - FIXED-LENGTH DATA ELEMENTS
- fixed length control field: 210628|| aca||aabn | a|a d
040 ## - CATALOGING SOURCE
- Original cataloging agency: NUST
- Transcribing agency: NUST
100 ## - HEADING--PERSONAL NAME
- Personal name: Kariv, Dafna
670 ## - SOURCE DATA FOUND
- Source citation: Work cat.: (NUST): Kariv, Dafna, Entrepreneurship , an international introduction, 2011
